Score 0/29 Timer 03:00
0 Plays Today
Clue 4-Letter Word % Correct
Spoiled, impolite childBRAT
96%
A person from the United KingdomBRIT
95.7%
Soft, white cheeseBRIE
93.7%
First appearance of daylightDAWN
92%
One of the Great LakesERIE
91.6%
Strike violently and repeatedlyBEAT
90%
Kidney or navy, e.g.BEAN
89.9%
Star of [rung 20]: Goldie ____HAWN
88.1%
Capital of SwitzerlandBERN
87.2%
1966 movie: ''____ Free''BORN
86.9%
Ulna or femur, e.g.BONE
86.5%
Small, greenish-yellow fruitLIME
85.9%
1997 movie: ''____ Is Beautiful''LIFE
84.2%
★ ''The ____ Traveler's [Rung 21]'' (2009) ★ ●TIME●
83.3%
Quality or pitch of a soundTONE
82.5%
Clue 4-Letter Word % Correct
Prong of a forkTINE
82.3%
1990 movie: ''Bird on a ____''WIRE
81.6%
★ ''Black ____ [Rung 11]'' (2001) ★ ●HAWK●
80%
★ ''The [Rung 24] Traveler's ____'' (2009) ●WIFE●
79.9%
Second of the four New Testament GospelsMARK
79.3%
★ ''Black [Rung 14] ____'' (2001) ★ ●DOWN●
75.1%
Listen attentivelyHARK
70.8%
Michael who plays Worf on 'Star Trek: TNG'DORN
70.4%
Item for saleWARE
65.7%
★ Australian actor: ____ [Last Rung] ★●●ERIC●●
60.8%
Watchful; on guard against dangerWARY
54.3%
★ ''____ and Max'' (2009) ★ ●MARY●
54.1%
Person or thing that spoilsBANE
47%
★ Australian actor: [First Rung ____●●BANA●●
38.3%

Today's Daily Dose

Remove Ads.
Support Sporcle.
Get the best of Sporcle when you Go Orange. This ad-free experience offers more features, more stats, and more fun while also helping to support Sporcle. Thank you for becoming a member.

You're not logged in!

Compare scores with friends on all Sporcle quizzes.
OR
Log In

Show Comments

Extras

Top Quizzes Today


Score Distribution

Your Account Isn't Verified!

In order to create a playlist on Sporcle, you need to verify the email address you used during registration. Go to your Sporcle Settings to finish the process.

Report this User

Report this user for behavior that violates our Community Guidelines.

Details: